000 00340nam a2200121Ia 4500
008 191201s2019 xx 000 0 und d
100 _aKASTURE, AV AND WADODKAR, SG
245 0 _aPractical pharmaceutical chemistry I
260 _bNirali
_aNew Delhi
_c2019
300 _aMISC
650 _aPharmaceutical Inorganic Chemistry
942 _2ddc
_cBK
999 _c8311
_d8311